000 00617nam a22002057a 4500
008 260130b |||||||| |||| 00| 0 eng d
020 _a9780415620031
040 _aCUZ
_beng
_crda
_dCUZ
_erda
050 _aDG91.E92EYB
100 _aEmiel Eyben
245 _aRestless youth in ancient Rome
_cby Emiel Eyben
264 _aLondon
_bRoutledge
_c©1993
300 _aextent viii,367pages
336 _atext
_btxt
337 _aunmediated
_bn
338 _2rdacarrier
500 _aincludes bibliographical reference and index
650 _aYouth -Rome
942 _cOS
_i91.E92EYB
_kDG
999 _c45501
_d45501